AIX 5L version 5.2: Installation guide and referene (Record no. 10528)

000 -LEADER
fixed length control field 00315 a2200133 4500
082 ## - DEWEY DECIMAL CLASSIFICATION NUMBER
Classification number 004
090 ## - LOCALLY ASSIGNED LC-TYPE CALL NUMBER (OCLC); LOCAL CALL NUMBER (RLIN)
-- 6700
-- 6700
100 ## - MAIN ENTRY--PERSONAL NAME
Personal name IBM
245 ## - TITLE STATEMENT
Title AIX 5L version 5.2: Installation guide and referene
Statement of responsibility, etc. IBM
260 ## - PUBLICATION, DISTRIBUTION, ETC.
Name of publisher, distributor, etc. IBM Corporation
Date of publication, distribution, etc. 2004c.
300 ## - PHYSICAL DESCRIPTION
Extent x,368p. :
Dimensions 24 cm.
700 ## - ADDED ENTRY--PERSONAL NAME
Personal name IBM
942 ## - ADDED ENTRY ELEMENTS (KOHA)
Koha item type Project Report
Call number prefix 004 IBM
Holdings
Withdrawn status Lost status Damaged status Not for loan Permanent Location Current Location Shelving location Date acquired Full call number Barcode Date last seen Price effective from Koha item type
        NUST Law School (NLS) NUST Law School (NLS) First Floor - Computer Science 04/23/2025 004 IBM SEECSP00315 11/14/2012 11/14/2012 Project Report
© 2023 Central Library, National University of Sciences and Technology. All Rights Reserved.